000 00351nam a2200169Ia 4500
100 _aDeshpande/P.S
650 _aSQL
942 _cBK
366 _f17.5
654 _aSQL.oracle 10g
245 _aSQL and PL/SQL for Oracle 10g
260 _bDream tech
_c2007
082 _a005.133/DES
_bDES
300 _a980
546 _aENGLISH
999 _c25820
_d25820